00523cam a22001813a 450000100060000000300060000600500170001200800410002904000150007004200070008510000220009224500770011426000290019150600300022051600200025083000290027085600420029945766PGUSA20140828084048.0140526s2014||||xxu|||||s|||||000 | eng d aPGUSAbeng adc1 aBarbé, Louis A.10aIn Byways of Scottish Historyh[electronic resource] /cLouis A. Barbé bProject Gutenberg,c2014 aPublic domain in the USA. aElectronic text 0aProject Gutenbergv4576640uhttp://www.gutenberg.org/ebooks/45766